[Event "Hillerod-ch B"]
[Site "Hillerod"]
[Date "2022.05.15"]
[Round "1"]
[White "Gehrig, Bruno"]
[Black "Balslev, Peter"]
[Result "0-1"]
[WhiteElo "1723"]
[BlackElo "1755"]
[PlyCount "114"]
[EventDate "2022.05.15"]
[EventType "tourn"]
[EventRounds "5"]
[EventCountry "DEN"]
[SourceTitle "EXT 2024"]
[Source "ChessBase"]
[SourceDate "2023.10.10"]
[SourceVersion "1"]
[SourceVersionDate "2023.10.10"]
[SourceQuality "1"]

1. Nf3 d5 2. g3 Nf6 3. Bg2 g6 4. d4 Bg7 5. c4 dxc4 6. Nc3 0-0 7. 0-0 Nbd7 8. Bf4 c6 9. a4 a5 10. e4 Nb6 11. Qc2 e6 12. Rfd1 Qe7 13. h3 Rd8 14. Be3 Qc7 15. Qe2 Nfd7 16. Rac1 Nf6 17. Ne5 Bd7 18. Nxc4 Nxc4 19. Qxc4 e5 20. Nd5 Qd6 21. Nb6 Be6 22. d5 cxd5 23. exd5 Rac8 24. Nxc8 Rxc8 25. Qb5 Bd7 26. Rxc8+ Bxc8 27. Qxa5 Bf8 28. Rc1 Bf5 29. Bc5 Qd7 30. Qa8 Qe8 31. Qxe8 Nxe8 32. Bxf8 Kxf8 33. g4 Bd7 34. a5 Ke7 35. Re1 Kd6 36. Rd1 Nc7 37. Kf1 Bb5+ 38. Ke1 Bc4 39. Kd2 Nxd5 40. Bxd5 Bxd5 41. Kc3 Kc6 42. Kb4 Bg2 43. Rd3 Bf1 44. Re3 f5 45. f4 e4 46. g5 Kd5 47. h4 Kd4 48. Re1 Bd3 49. Ka3 Bc2 50. Kb4 e3 51. b3 Kd3 52. Rh1 Kd2 53. Rg1 e2 54. Rg2 Kd1 55. Rg1+ e1Q+ 56. Rxe1+ Kxe1 57. Kb5 Bxb3 0-1

[Event "Copenhagen GoAudit op"]
[Site "Copenhagen"]
[Date "2019.11.09"]
[Round "6"]
[White "Gehrig, Bruno"]
[Black "Hald Falkesgaard, Jeppe"]
[Result "1-0"]
[WhiteElo "1664"]
[BlackElo "1972"]
[PlyCount "61"]
[EventDate "2019.11.08"]
[EventType "swiss"]
[EventRounds "8"]
[EventCountry "DEN"]
[SourceTitle "EXT 2021"]
[Source "ChessBase"]
[SourceDate "2020.10.23"]
[SourceVersion "1"]
[SourceVersionDate "2020.10.23"]
[SourceQuality "1"]

1. Nf3 Nf6 2. g3 g6 3. Bg2 Bg7 4. d4 0-0 5. c4 d6 6. Nc3 c5 7. d5 e6 8. 0-0 exd5 9. Nxd5 Nxd5 10. Qxd5 Nc6 11. Bf4 Be6 12. Qxd6 Bxc4 13. Qxc5 Bxe2 14. Rfe1 Bxf3 15. Bxf3 Nd4 16. Bxb7 Ne6 17. Rxe6 fxe6 18. Qc4 Qb6 19. Bxa8 Rxa8 20. Rd1 Bf8 21. Rd7 Bc5 22. Rc7 Bxf2+ 23. Kh1 Re8 24. Be5 Qe3 25. Rg7+ Kh8 26. Rxh7+ Kxh7 27. Qc7+ Kh6 28. Bf4+ g5 29. Bxe3 Bxe3 30. Qf7 Rb8 31. Qxe6+ 1-0